Rosie's Walk / (Record no. 103273)
[ view plain ]
| 000 -LEADER | |
|---|---|
| fixed length control field | 00346nam a2200133 a 4500 |
| 005 - DATE AND TIME OF LATEST TRANSACTION | |
| control field | 20140412111258.0 |
| 008 - FIXED-LENGTH DATA ELEMENTS--GENERAL INFORMATION | |
| fixed length control field | 091205s19uu xx 00 eng d |
| 020 ## - INTERNATIONAL STANDARD BOOK NUMBER | |
| International Standard Book Number | 0-590-41239-6 |
| 050 ## - LIBRARY OF CONGRESS CALL NUMBER | |
| Classification number | TR(PS E |
| Item number | Ro71 1968 |
| 100 ## - MAIN ENTRY--PERSONAL NAME | |
| Personal name | Hutchins, Pat |
| 245 ## - TITLE STATEMENT | |
| Title | Rosie's Walk / |
| Statement of responsibility, etc | Pat Hutchins. |
| 260 ## - PUBLICATION, DISTRIBUTION, ETC. (IMPRINT) | |
| Place of publication, distribution, etc | U.S.A : |
| Name of publisher, distributor, etc | Scholastic, |
| Date of publication, distribution, etc | 1968. |
| Withdrawn status | Lost status | Damaged status | Home library | Current library | Shelving location | Date acquired | Source of acquisition | Cost, normal purchase price | Total Checkouts | Full call number | Barcode | Date last seen | Price effective from | Koha item type |
|---|---|---|---|---|---|---|---|---|---|---|---|---|---|---|
| Elizalde Library | Elizalde Library | Teachers Reference Section | 12/05/2009 | 155.00 | TR(PS E Ro71 1968 | E4354 | 04/12/2014 | 04/12/2014 | Books |